Mathematics Education in the Early Years Results from the POEM3 Conference, 2016 /

This book gives insight in the vivid research area on early mathematics learning. The collection of selected papers mirror the research topics presented at the third POEM conference.Thematically, the volume reflects the importance of this relatively new field of research. Structurally, the book trie...

Ausführliche Beschreibung

Gespeichert in:
Bibliographische Detailangaben
Format: Elektronisch E-Book
Sprache:Englisch
Veröffentlicht: Cham : Springer International Publishing, 2018.
Ausgabe:1st ed. 2018.
Schlagworte:
ISBN:9783319782201
Online-Zugang: Volltext
Tags: Tag hinzufügen
Keine Tags, Fügen Sie den ersten Tag hinzu!

MARC

LEADER 00000nam a22000005i 4500
003 SK-BrCVT
005 20220618101227.0
007 cr nn 008mamaa
008 180629s2018 gw | s |||| 0|eng d
020 |a 9783319782201 
024 7 |a 10.1007/978-3-319-78220-1  |2 doi 
035 |a CVTIDW11460 
040 |a Springer-Nature  |b eng  |c CVTISR  |e AACR2 
041 |a eng 
245 1 0 |a Mathematics Education in the Early Years  |h [electronic resource] :  |b Results from the POEM3 Conference, 2016 /  |c edited by Christiane Benz, Anna S. Steinweg, Hedwig Gasteiger, Priska Schöner, Helene Vollmuth, Johanna Zöllner. 
250 |a 1st ed. 2018. 
260 1 |a Cham :  |b Springer International Publishing,  |c 2018. 
300 |a XIV, 303 p. 75 illus., 57 illus. in color.  |b online resource. 
500 |a Education  
505 0 |a Introduction -- Young Children's Engagement with Mathematics: Expanding Teacher Educators' Views -- Preservice Teachers Recognising and Responding to Young Children's Engagement with Mathematics -- Using Children's Patterning Tasks during Professional Development for Preschool Teachers -- Mathematics Education Competence of Professionals in Early Childhood Education: A Theory-Based Competence Model -- Stories Neglected About Children's Mathematics Learning in Play -- The Genesis of Children's Mathematical Thinking in Their Early Years -- Visual Structuring Processes of Children When Determining the Cardinality of Sets: The Contribution of Eye-Tracking -- Is Considering Numerical Competence Sufficient? The Structure of 6-Year-Old Preschool Children's Mathematical Competence -- TellMEE: Telling Mathematics in Elementary Education -- Designing Playful Inquiry Based Mathematical Learning Activities for Kindergarten -- Talking about Measuring in Kindergarten: Linguistic Means in Small Group Interactions -- Early Maths Via App Use: Some Insights in the EfEKt Project -- How Can A Father Be Supportive for the Mathematics Learning Process of A Child? The Relationship between Scaffolding and the Interactional Niche in the Development of Mathematical Learning in the Familial Context -- Instruction and Contruction of Mathematics at Home: An Exploratory Study -- Index. 
516 |a text file PDF 
520 |a This book gives insight in the vivid research area on early mathematics learning. The collection of selected papers mirror the research topics presented at the third POEM conference.Thematically, the volume reflects the importance of this relatively new field of research. Structurally, the book tries to guide the reader through a variety of research aims and issues and is split into four parts. The first two parts concentrate on teacher professional development and child learning development; the third part pools research studies creating and evaluating designed learning situations; and the fourth part bridges focuses on parent-child-interaction. 
650 0 |a Mathematics-Study and teaching . 
650 0 |a Learning. 
650 0 |a Instruction. 
650 0 |a Teaching. 
856 4 0 |u http://hanproxy.cvtisr.sk/han/cvti-ebook-springer-eisbn-978-3-319-78220-1  |y Vzdialený prístup pre registrovaných používateľov 
910 |b ZE08740 
919 |a 978-3-319-78220-1 
974 |a andrea.lebedova  |f Elektronické zdroje 
992 |a SUD 
999 |c 236890  |d 236890